| 000 | 00375nam a2200133Ia 4500 | ||
|---|---|---|---|
| 008 | 210210b1984 xxu||||| |||| 00| 0 eng d | ||
| 082 | _a500 PRIO | ||
| 100 | _aPRIGOGINE (Ilya) and STENGERS (Isabelle). | ||
| 245 | _aOrder out of chaos: man's new dialogue with nature. | ||
| 260 |
_aLondon _bFlamingo _c1984 |
||
| 300 | _axxxi,349 | ||
| 690 | _aPure Sciences | ||
| 906 | _a045224 | ||
| 999 |
_c94763 _d94763 |
||